The body selected essays
Αποθηκεύτηκε σε:
| Κύριος συγγραφέας: | |
|---|---|
| Μορφή: | Βιβλίο |
| Γλώσσα: | English |
| Δημοσίευση: |
Berkeley :
University of California Press,
c1999.
|
| Θέματα: | |
| Ετικέτες: |
Προσθήκη ετικέτας
Δεν υπάρχουν, Καταχωρήστε ετικέτα πρώτοι!
|
MARC
| LEADER | 00000cam a2200000 i 4500 | ||
|---|---|---|---|
| 001 | 1/16002 | ||
| 008 | 010122s1999 cau| ||| |||| ||eng|| | ||
| 020 | |a 0520212827 | ||
| 035 | |l 10065619 | ||
| 040 | |a GR-MyUa |b gre |e AACR2 | ||
| 041 | 0 | |a eng | |
| 082 | 7 | |a 128.6 |2 (22) | |
| 100 | 1 | |a Danto, Arthur C., |d 1924-2013. | |
| 245 | 1 | 4 | |a The body/body problem : |b selected essays / |c Arthur C. Danto. |
| 260 | |a Berkeley : |b University of California Press, |c c1999. | ||
| 300 | |a xi, 262 σ. ; |c 24 εκ. | ||
| 504 | |a Περιλαμβάνει βιβλιογραφικές παραπομπές και ευρετήριο. | ||
| 650 | 0 | |a Representation (Philosophy) | |
| 852 | |a INST |b SYROS |e 20010122 |h 128.6 DAN |p 005500001644 |q 005500001644 |t BK |y 0 | ||
| 901 | |a BIBL5-2001-1 | ||
| 922 | |a 5ΕΛΗ |b 200012 |c Γραφικών Τεχνών |d Μιχαλόπουλος | ||
| 950 | |a 183-2000-12-09 | ||
| 970 | |a Κοντού |b Παρασκευή |z 16/02/2001 | ||